| 000 | 00787cab a2200253 4500 | ||
|---|---|---|---|
| 001 | ABS45398 | ||
| 008 | 090401t1991 xxu||||| |||| 00| 0 eng d | ||
| 035 | _a(Sirsi) u52701 | ||
| 041 | _aeng | ||
| 100 | _aHinks, J. | ||
| 245 | _aRefurbishment options for damp basements | ||
| 260 | _c1991 | ||
| 350 | _a0 | ||
| 490 |
_aArchitect and Surveyor _v66(10) November 1991, 17-20(3) |
||
| 520 | _aSuggests remedial techniques for rectifying dampness in basements during refurbishment contracts. Further reading includes British standards. | ||
| 650 | _aCHEMICAL INJECTED DAMP-PROOF COURSES | ||
| 650 | _aDAMP TREATMENT | ||
| 650 | _aDRAINING | ||
| 650 | _aGROUTING | ||
| 650 | _aTANKING | ||
| 690 | _aBUILT ENVIRONMENT-BUILDING PATHOLOGY | ||
| 942 | _n0 | ||
| 948 | _c04/03/1997 | ||
| 999 |
_c32563 _d32563 |
||